Statistics for Guns N' Roses (Orignial) Trivia

Click here to take the quiz!

General Stats

  • This quiz has been taken 862 times
    (843 since last reset)
  • The average score is 14 of 23

Answer Stats

HintAnswer% Correct
What year was Appetite For Destruction released?1987
90%
And which band member was having sex with that woman?Axl Rose
79%
What Is Mr. Brownstone written about?Heroin
79%
Band 2:L.A. Guns
72%
Which song contains audio of a woman having sex live in the recording studio?Rocket Queen
72%
Which country was Slash born in?England
70%
What year were GN'R inducted to the Rock and Roll hall of fame?2012
68%
Who replaced Steven Adler on drums?Matt Sorum
65%
Which song caused accusations of Axl Rose being racist and homophobic?One In A Million
62%
What is Slash's signature guitar?Gibson Les Paul
61%
Which two bands formed together to give Guns N' Roses their name? Band 1:Hollywood Rose
60%
Which state Axl Rose was born in?Indiana
59%
A nickname was given to GN'R as "The world's most _________ band"Dangerous
58%
Which record label originally signed GN'R?Geffen Records
55%
What is Nightrain?A cheap brand of wine
53%
Which cover of a Rolling Stones song featured on the film 'Interview with the vampire'?Sympathy For The Devil
53%
Complet the lyric: "You can't trust freedom when it's not __ ____ ____"In Your Hands (Civil War)
52%
Which album was a cover album dedicated to punk and hard rock?The Spaghetti Incident?
52%
What Aerosmith song was covered on the album 'GN'R Lies'?Mama Kin
51%
Complete the lyric: "Just an urchin living _____ ___ ____"Under The Street (Paradise City)
51%
Complete the lyric: "You gotta make it your own way, but you'll be ____ __ ____"Alright Now Sugar (Don't Cry)
33%
What was their first single released?It's So Easy
33%
What album was released in 1999, as a compilation of live songs?Live Era
32%

Score Distribution

Percentile by Number Answered

Percent of People with Each Score

Your Score History

You have not taken this quiz since the last reset